00309pab a2200121 454500008004000000100002300040245005700063260000900120300001300129362000800142650002100150773001600171180718b2006 xxu||||| |||| 00| 0 eng d aAmado, Liz Ercevik aGender, sexuality and law reform in Muslim societies c2006 ap.96-98. aMar aSexual behaviour aDevelopment